LEADER 00733nam a2200205 i 4500 001 000000177794 003 CaOOAMICUS 005 20090224000000.0 008 090224s1942 it u000 u lat u 013 $a155363 040 $aSeMil$bita 100 1 $aD'Elia, Antonio,$d<1936- >.$0(OLS)http://semarc/name/33305 245 10$aLitterarum latinarum historia /$cA. D'Elia. 260 $aNapoli :$bD'Auria,$c1942. 300 $a304 p. ;$c19 cm. 500 $aContiene : Appendix. 850 $aSeMil 852 $aSeMil$W1$xVenegono$y1$m1Z III 167$j128595$B128595$CSeMilBibl$Z2$F139709 $81 996 $6245$aLitterarum latinarum historia$9(OLS)http://semarc/title/255364 996 $6260$aNapoli :$bD'Auria$9(OLS)http://semarc/publisher/30041 LEADER 01139nam a2200265 4500 001 000000339211 003 CaOOAMICUS 005 20200206120501.0 008 200204s1999 bl a 000 u por r 020 $a85-326-2213-5 040 $aSeMil$bita 245 10$aHelder, o dom :$buma vida que marcou os rumos da Igreja no Brasil /$cZildo Rocha ... [et al.]. 250 $a3. ed. 264 1$aPetrópolis :$bVozes,$c1999. 300 $a224 p. :$bill. ;$c23 cm 600 14$aCâmara, Hélder .$0(OLS)http://semarc/subject/7444 650 4$aBrasile - Chiesa - Storia.$0(OLS)http://semarc/subject/48984 700 1 $aRocha, Zildo.$0(OLS)http://semarc/name/110868 850 $aSeMil 852 $aSeMil$W1$xVenegono$y1$m3G IV 409$j218719$B230335$CSeMilBibl$Z2$F230335 $81 961 $aPerego don Stefano - Omaggio 996 $6020$a85-326-2213-5$9(OLS)http://semarc/number/289806 996 $6245$aHelder, o dom :$buma vida que marcou os rumos da Igreja no Brasil$9(OLS)http://semarc/title/428021 996 $6264$aPetrópolis :$bVozes$9(OLS)http://semarc/publisher/30884 LEADER 01442nam a2200241 i 4500 001 000000207250 003 CaOOAMICUS 005 20230710115308.0 008 111025s1921 gw u000 u ger u 040 $aSeMil$bita 245 10$aDeutschlands Freispruch von der Schuld am Kriege ; aus den belgischen Diplomatenberichten der Jahre 1871-1914 /$cnachgewiesen von Oberst Berngard Schwertfeger. 264 1$aBerlin :$bDeutsche Verlagsgesellschaft für Politik und Geschichte,$c1921. 300 $aXIV, 215 p. ;$c25 cm 500 $aRilegato con : 3U V 58/2-3 650 4$aBelgio - Rapporti diplomatici - 1871-1914.$0(OLS)http://semarc/subject/54045 650 4$aGuerra mondiale <1914-1918> - Germania.$0(OLS)http://semarc/subject/4062 700 1 $aSchwertfeger, Oberst Berngard <1868-1953>.$0(OLS)http://semarc/name/11389 773 0 $tAmtliche Aktenstücke zur Geschichte der Europäischen Politik.$dMünchen : Europäische Verlagsgesellschaft für geschichtliche Politik, 1921-1924.$gSonderausgabe$w()25636 850 $aSeMil 852 $aSeMil$W1$xVenegono$y1$m3U V 58/1$j242110$B157713$CSeMilBibl$Z2$F168963 $81 996 $6245$aDeutschlands Freispruch von der Schuld am Kriege ; aus den belgischen Diplomatenberichten der Jahre 1871-1914$9(OLS)http://semarc/title/299731 996 $6264$aBerlin :$bDeutsche Verlagsgesellschaft für Politik und Geschichte$9(OLS)http://semarc/publisher/36556